000
00367 a2200109 4500
245
_a
Homones and Cell Regulation=Homones et régulation cellulaire. 3.: Proceedings of the 13th INSERM European, held at Mont Sainte-Odile, septembre 1988
100
_a
INSERM Symposium
260
_c
1988
300
_a
151 p.
999
_c
16704
_d
16704